The path to strong, sustainable and balanced growth (Record no. 111619)
[ view plain ]
| 000 -LEADER | |
|---|---|
| fixed length control field | 01086cad a22002175a 4500 |
| 001 - CONTROL NUMBER | |
| control field | L151785 |
| 008 - FIXED-LENGTH DATA ELEMENTS--GENERAL INFORMATION | |
| fixed length control field | 101210s2010 xxk f 000 0 eng d |
| 020 ## - INTERNATIONAL STANDARD BOOK NUMBER | |
| International Standard Book Number | 9781845327903 |
| 035 ## - SYSTEM CONTROL NUMBER | |
| System control number | (Sirsi) u151785 |
| 041 0# - LANGUAGE CODE | |
| Language code of text/sound track or separate title | eng |
| 110 2# - MAIN ENTRY--CORPORATE NAME | |
| Corporate name or jurisdiction name as entry element | United Kingdom |
| Subordinate unit | HM Treasury |
| 245 04 - TITLE STATEMENT | |
| Title | The path to strong, sustainable and balanced growth |
| Medium | [electronic resource] |
| 260 ## - PUBLICATION, DISTRIBUTION, ETC. | |
| Place of publication, distribution, etc. | London |
| Name of publisher, distributor, etc. | BIS |
| Date of publication, distribution, etc. | 2010 |
| 520 ## - SUMMARY, ETC. | |
| Summary, etc. | Creating the right framework for growth and the growth review; global comparisons for output generally; improved performance by the construction sector and by the Government as a customer will make a vital contribution to the low carbon agenda, to infrastructure and to the UK's prospects for growth. |
| 590 ## - LOCAL NOTE (RLIN) | |
| Local note | KA NTK |
| 651 #4 - SUBJECT ADDED ENTRY--GEOGRAPHIC NAME | |
| Geographic name | United Kingdom |
| Chronological subdivision | |
| 690 ## - LOCAL SUBJECT ADDED ENTRY--TOPICAL TERM (OCLC, RLIN) | |
| Topical term or geographic name as entry element | BUILT ENVIRONMENT-CONSTRUCTION MARKET |
| 710 1# - ADDED ENTRY--CORPORATE NAME | |
| Corporate name or jurisdiction name as entry element | United Kingdom |
| Subordinate unit | Department for Business, Innovation and Skills |
| 9 (RLIN) | 5760 |
| 856 40 - ELECTRONIC LOCATION AND ACCESS | |
| Uniform Resource Identifier | <a href="https://www.bis.gov.uk/assets/biscore/corporate/docs/p/10-1296-path-to-strong-sustainable-and-balanced-growth">https://www.bis.gov.uk/assets/biscore/corporate/docs/p/10-1296-path-to-strong-sustainable-and-balanced-growth</a> |
| Public note | View the item free of charge at www.bis.gov.uk |
| 942 ## - ADDED ENTRY ELEMENTS (KOHA) | |
| Suppress in OPAC | 0 |
| Withdrawn status | Lost status | Source of classification or shelving scheme | Damaged status | Not for loan | Home library | Current library | Shelving location | Date acquired | Total Checkouts | Full call number | Barcode | Date last seen | Copy number | Price effective from | Koha item type |
|---|---|---|---|---|---|---|---|---|---|---|---|---|---|---|---|
| Dewey Decimal Classification | Virtual | Virtual | Online | 10/12/2010 | ONLINE PUBLICATION | 151785-1001 | 06/08/2019 | 1 | 06/08/2019 | Book |